La insignificancia y la imaginación

I tiakina i:
Ngā taipitopito rārangi puna kōrero
Kaituhi matua: Castoriadis, Cornelius (Author)
Hōputu: Pukapuka
Reo:Pāniora
I whakaputaina: Madrid Trotta 2002
Rangatū:Minima Trotta
Ngā marau:
Ngā Tūtohu: Tāpirihia he Tūtohu
Kāore He Tūtohu, Me noho koe te mea tuatahi ki te tūtohu i tēnei pūkete!

MARC

LEADER 00000cam a2200000 a 4500
001 UCF9366
003 CL-VaPUC
008 131111e20020000sp |||||||||||||||||spa|d
020 |a 8481645311 
082 0 4 |a 190  |b CAS  |2 21 
100 0 |a Castoriadis, Cornelius  |e author  |9 571631 
245 1 3 |a La insignificancia y la imaginación 
246 1 0 |a Diálogos con Daniel Mermet, Octavio Paz, Alain Finkielkraut, Jean-Luc Donnet, Francisco Varela y Alain Connes 
300 |a 138 p 
942 |c BK 
945 |d 20131111 15:03:00  |a dcastane 
260 |a Madrid  |b Trotta  |c 2002 
650 0 |a Filosofía contemporánea  |9 265372 
650 0 |a Filosofía europea  |9 347047 
650 7 |a TEORIAS FILOSOFICAS  |2 CL-VaPUC  |9 468252 
583 |a last modification  |c 20131111 15:03:00  |k Rodrigo Vera 
490 0 |a Minima Trotta 
999 |c 353814  |d 353812 
952 |0 0  |1 0  |3 erb  |4 0  |6 190_000000000000000_CAS_2002  |7 0  |8 A  |9 459217  |a BIBEDU  |b BIBEDU  |d 2019-11-23  |i 5019141  |o 190 CAS 2002  |p 5019141  |r 2019-11-23  |w 2019-11-23  |y BK  |z Catalogado en:20131111  |k PSI 
952 |0 0  |1 0  |3 erb  |4 0  |6 190_000000000000000_CAS_2002  |7 0  |8 A  |9 459218  |a BIBEDU  |b BIBEDU  |i 5198461  |l 1  |o 190 CAS 2002  |p 5198461  |r 2023-12-01  |s 2023-12-01  |w 2019-11-23  |y BK  |z Catalogado en:20150911  |k FIL